000 00450nam a2200181Ia 4500
001 8478
005 20260306160612.0
008 260306t1994||||xx |||||||||||||| ||spa||
041 _aESP
082 _a371.4
_bH52
100 _aHigueras, Leonard S.
_eAUT
245 0 _aOrientación y bienestar del educando:
_b3ro. secundaria
260 _c1994
300 _a163 pƔginas :
_c21 cm.
650 _aGEN
654 _aCED
942 _cLIB
_dJUS
_fJUS
_2ddc
_n
999 _c8478
_d8478